Ranking FIFA - Statystyki

Ogólne statystyki
  • Ten quiz został rozwiązany 452 razy
    441 od ostatniego zresetowania
  • Średni wynik to 74 z 210
Statystyki odpowiedzi
Miejsce Kraj Federacja Punkty % Poprawnych
1 Argentyna CONMEBOL 1860
97%
26 Polska UEFA 1541
95%
4 Brazylia CONMEBOL 1792
91%
2 Francja UEFA 1837
90%
8 Hiszpania UEFA 1730
86%
16 Niemcy UEFA 1647
85%
6 Portugalia UEFA 1747
85%
5 Anglia UEFA 1788
83%
10 Włochy UEFA 1724
77%
11 Stany Zjednoczone CONCACAF 1677
76%
3 Belgia UEFA 1798
75%
7 Holandia UEFA 1747
75%
33 Rosja UEFA 1507
75%
24 Ukraina UEFA 1565
74%
28 Szwecja UEFA 1522
73%
210 San Marino UEFA 740
70%
9 Chorwacja UEFA 1728
69%
15 Meksyk CONCACAF 1652
67%
46 Norwegia UEFA 1466
67%
25 Austria UEFA 1560
65%
34 Czechy UEFA 1506
65%
48 Kanada CONCACAF 1462
65%
19 Szwajcaria UEFA 1617
65%
14 Urugwaj CONMEBOL 1663
65%
21 Dania UEFA 1611
64%
17 Japonia AFC 1629
64%
12 Kolumbia CONMEBOL 1669
63%
63 Finlandia UEFA 1393
62%
60 Irlandia UEFA 1404
62%
12 Maroko CAF 1669
62%
45 Słowacja UEFA 1468
62%
88 Chiny AFC 1268
59%
136 Litwa UEFA 1101
59%
57 Słowenia UEFA 1430
59%
39 Szkocja UEFA 1497
59%
23 Australia AFC 1571
58%
22 Korea Południowa AFC 1573
58%
138 Łotwa UEFA 1096
58%
42 Turcja UEFA 1493
58%
29 Walia UEFA 1521
57%
27 Węgry UEFA 1529
57%
36 Egipt CAF 1502
56%
51 Grecja UEFA 1456
56%
40 Chile CONMEBOL 1496
55%
123 Estonia UEFA 1146
54%
18 Senegal CAF 1623
54%
32 Serbia UEFA 1515
54%
70 Islandia UEFA 1353
53%
98 Białoruś UEFA 1220
52%
66 Albania UEFA 1379
51%
47 Rumunia UEFA 1462
51%
74 Gruzja UEFA 1339
50%
110 Korea Północna AFC 1184
50%
56 Arabia Saudyjska AFC 1431
49%
31 Peru CONMEBOL 1515
49%
59 Republika Południowej Afryki CAF 1417
49%
30 Ekwador CONMEBOL 1518
48%
152 Mołdawia UEFA 1034
48%
162 Andora UEFA 996
47%
75 Bośnia i Hercegowina UEFA 1332
47%
82 Bułgaria UEFA 1296
46%
128 Niger CAF 1126
46%
107 Nowa Zelandia OFC 1198
46%
20 Iran AFC 1611
45%
79 Izrael UEFA 1313
45%
85 Luksemburg UEFA 1277
45%
73 Irlandia Północna UEFA 1341
44%
35 Katar AFC 1504
44%
199 Liechtenstein UEFA 836
44%
38 Nigeria CAF 1499
44%
54 Wenezuela CONMEBOL 1442
44%
105 Kosowo UEFA 1203
43%
58 Paragwaj CONMEBOL 1427
43%
84 Boliwia CONMEBOL 1282
42%
109 Kazachstan UEFA 1194
42%
44 Algieria CAF 1474
41%
72 Czarnogóra UEFA 1345
41%
124 Indie AFC 1139
41%
55 Irak AFC 1433
41%
49 Kamerun CAF 1458
41%
71 Macedonia Północna UEFA 1349
41%
61 Demokratyczna Republika Konga CAF 1401
40%
53 Jamajka CONCACAF 1443
40%
64 Ghana CAF 1381
39%
52 Kostaryka CONCACAF 1454
39%
172 Malta UEFA 971
39%
41 Tunezja CAF 1494
39%
37 Wybrzeże Kości Słoniowej CAF 1500
39%
43 Panama CONCACAF 1482
38%
96 Armenia UEFA 1231
37%
78 Honduras CONCACAF 1313
36%
126 Cypr UEFA 1137
35%
169 Kuba CONCACAF 975
35%
134 Indonezja AFC 1109
34%
113 Kongo CAF 1176
34%
69 Zjednoczone Emiraty Arabskie AFC 1369
34%
190 Mongolia AFC 885
33%
76 Oman AFC 1326
33%
86 Haiti CONCACAF 1274
32%
111 Azerbejdżan UEFA 1180
31%
197 Pakistan AFC 843
31%
118 Libia CAF 1166
30%
139 Wyspy Owcze UEFA 1094
30%
182 Dominika CONCACAF 913
29%
155 Jemen AFC 1021
29%
62 Uzbekistan AFC 1397
29%
151 Afganistan AFC 1034
28%
104 Madagaskar CAF 1204
28%
50 Mali CAF 1457
28%
100 Tajlandia AFC 1219
28%
150 Dominikana CONCACAF 1046
27%
202 Somalia CAF 830
27%
121 Sudan CAF 1152
27%
144 Turkmenistan AFC 1065
27%
143 Etiopia CAF 1066
26%
198 Gibraltar UEFA 836
26%
117 Liban AFC 1168
26%
102 Tadżykistan AFC 1212
26%
92 Angola CAF 1249
25%
178 Czad CAF 930
25%
153 Gujana CONCACAF 1027
25%
108 Kenia CAF 1195
25%
101 Kirgistan AFC 1214
25%
80 Salwador CONCACAF 1304
25%
93 Syria AFC 1247
25%
116 Wietnam AFC 1168
25%
135 Malezja AFC 1108
24%
90 Zambia CAF 1258
24%
166 Fidżi OFC 984
23%
147 Filipiny AFC 1053
23%
77 Gwinea CAF 1325
23%
65 Republika Zielonego Przylądka CAF 1381
23%
167 Sudan Południowy CAF 980
23%
81 Bahrajn AFC 1303
22%
83 Gabon CAF 1288
22%
106 Gwatemala CONCACAF 1199
22%
89 Gwinea Równikowa CAF 1260
22%
68 Jordania AFC 1374
22%
141 Surinam CONCACAF 1088
22%
129 Zimbabwe CAF 1123
22%
175 Nepal AFC 936
21%
159 Singapur AFC 1008
21%
120 Togo CAF 1159
21%
180 Kambodża AFC 925
20%
137 Kuwejt AFC 1098
20%
205 Sri Lanka AFC 820
20%
99 Trynidad i Tobago CONCACAF 1219
20%
185 Bangladesz AFC 897
19%
184 Belize CONCACAF 901
19%
115 Gwinea Bissau CAF 1168
19%
189 Laos AFC 890
19%
160 Malediwy AFC 1003
19%
112 Mauretania CAF 1178
19%
103 Mozambik CAF 1206
19%
130 Nikaragua CONCACAF 1120
19%
201 Seszele CAF 832
19%
114 Tanzania CAF 1175
19%
183 Bhutan AFC 904
18%
145 Botswana CAF 1064
18%
149 Lesotho CAF 1051
18%
95 Palestyna AFC 1231
18%
131 Rwanda CAF 1114
18%
94 Uganda CAF 1243
18%
154 Eswatini CAF 1025
17%
142 Liberia CAF 1067
17%
165 Papua-Nowa Gwinea OFC 985
17%
127 Republika Środkowoafrykańska CAF 1129
17%
181 Samoa OFC 921
17%
188 Samoa Amerykańskie OFC 891
17%
67 Burkina Faso CAF 1375
16%
132 Gambia CAF 1113
16%
164 Mjanma AFC 989
16%
97 Namibia CAF 1220
16%
140 Burundi CAF 1091
15%
193 Dżibuti CAF 875
15%
119 Komory CAF 1159
15%
122 Sierra Leone CAF 1149
15%
170 Vanuatu OFC 972
15%
192 Wyspy św. Tomasza i Książęca CAF 878
15%
203 Bahamy CONCACAF 824
14%
177 Barbados CONCACAF 933
14%
91 Benin CAF 1254
14%
191 Brunei AFC 882
14%
125 Malawi CAF 1138
14%
200 Tonga OFC 833
14%
148 Antigua i Barbuda CONCACAF 1053
13%
173 Grenada CONCACAF 954
13%
168 Saint Lucia CONCACAF 980
13%
174 Saint Vincent i Grenadyny CONCACAF 938
13%
133 Wyspy Salomona OFC 1111
13%
146 Saint Kitts i Nevis CONCACAF 1060
12%
196 Timor Wschodni AFC 843
12%
179 Mauritius CAF 928
11%
156 Portoryko CONCACAF 1020
9%
207 Brytyjskie Wyspy Dziewicze CONCACAF 801
7%
87 Curaçao CONCACAF 1273
7%
208 Wyspy Dziewicze USA CONCACAF 797
7%
157 Hongkong AFC 1012
6%
158 Nowa Kaledonia OFC 1009
5%
209 Anguilla CONCACAF 780
4%
194 Aruba CONCACAF 874
4%
171 Bermudy CONCACAF 971
4%
187 Wyspy Cooka OFC 897
4%
161 Tahiti OFC 999
3%
163 Chińskie Tajpej AFC 991
2%
204 Guam AFC 822
2%
195 Kajmany CONCACAF 865
2%
186 Makau AFC 897
2%
206 Turks i Caicos CONCACAF 817
2%
176 Montserrat CONCACAF 934
1%
Nie znaleziono quizów pasujących do podanych kryteriów
Rozkład punktacji
Procent ludzi z każdym wynikiem
Percentyl według liczby udzielonych odpowiedzi
Twoja historia wyników
Nie rozwiązałeś tego quizu od ostatniego zresetowania